Úvod do psychológie finančného trhu

Koncepcia psychologického davu spracovaná Gustavom Le Bonom inšpirovala mnoho teoretikov, ekonómov a hlavne investorov k vzniku rôznych investičných stratégií. Takmer všetky majú spoločné rozdelenie účastníkov trhu na väčšinu, alebo dav a malú skupinku investorov konajúcich racionálne. Medzi najznám...

Full description

Saved in:
Bibliographic Details
Main Author: Rubint, Mária
Other Authors: Pilch, Ctibor, 1957-
Format: Book Chapter
Language:Slovak
Subjects:
Tags: Add Tag
No Tags, Be the first to tag this record!

MARC

LEADER 00000nla a2200000 4500
001 0207368
005 20240502073440.2
041 0 |a slo 
044 |a SK 
245 1 0 |a Úvod do psychológie finančného trhu  |c Mária Rubint, Ctibor Pilch 
520 |a Koncepcia psychologického davu spracovaná Gustavom Le Bonom inšpirovala mnoho teoretikov, ekonómov a hlavne investorov k vzniku rôznych investičných stratégií. Takmer všetky majú spoločné rozdelenie účastníkov trhu na väčšinu, alebo dav a malú skupinku investorov konajúcich racionálne. Medzi najznámejších autorov investičných stratégií, patria André Kostolany, Georg Drasnar a John Maynard Keynes. 
610 2 0 |a psychológia 
610 2 0 |a trh finančný 
610 2 0 |a stratégia investičná 
610 2 0 |a papiere cenné 
610 2 0 |a investori 
610 2 0 |a investovanie 
100 1 |a Rubint, Mária 
700 1 |a Pilch, Ctibor, 1957-